Quizzes
Events
Quiz Creation
Community
Videos
Private Events
Remove Ads
Sign In
Join for FREE
Feedback
Dark Mode
Quiz Categories
Sports
Geography
Music
Movies
Television
Just For Fun
Miscellaneous
History
Literature
Language
Science
Gaming
Entertainment
Religion
Holiday
For Kids
Quiz Lab
Recent
Popular Today
Quiz Kudos Today
Editor Picks
Curator Picks
Quizzes by...
Day
Popularity
Type
Ratings
Length
Year
Community
Subscriptions
Recent Discussions
Orange Saloon
Badges
Playlists
Quests
Create
Leaderboards
Showdown
Live 5
Trivia Bingo
Activity
Puzzle Library
Sporcle Events
Private Events
Virtual Trivia
Globe League
Become a Host
Pub Owners
SporcleCon
Opinionation
Our Games
Videos
Blog
Mobile Apps
Partnerships
Remove Ads and Go Orange
Feedback
History
US Presidents
World Leaders
Politics
Nation
Discovery
War
Decade
Year
Century
Biography
Art
History
US Presidents
World Leaders
Politics
Nation
Discovery
War
Decade
Year
Century
Biography
Art
Random Quiz
Search Sporcle
×
Quiz Lab
Quiz Lab
History
War
Type in answers that appear in a list
Type in answers that appear in a list
Classic
Best Score? Go Orange.
Ww2 aircraft carriers Stats
Can you name the the ww2 aircraft carriers?
By
morsam28
20m
80 Questions
20 Plays
20 Plays
20 Plays
Comments
Comments
Give Quiz Kudos
Give Quiz Kudos
-
- Ratings
hide this ad
Forced Order
Answers have to be entered in order
Answers have to be entered in order
Replay
Link that replays current quiz
Next Quiz
Link to next quiz in quiz playlist
You Got
0%
They Got
Avg Score
5%
Avg Friend Score
Upgrade to see
Score Distribution
Jump to the score distribution portion of the page
Score
0/80
Timer
20:00
0
Plays Today
when was it launced
carriers name
% Correct
12 may 1938
uss enterprise
75%
20 october 1941
uss hornet
35%
30 september 1937
uss yorktown
35%
14 december 1927
uss lexington
20%
16 november 1927
uss saratoga
20%
4 june 1934
uss ranger
20%
25 aprill 1940
uss wasp
20%
25 may 1927
akagi
15%
21 march 1928
kaga
15%
16 december 1938
ark royal
15%
4 november 1916
courageous
15%
14 october 1917
furious
15%
20 aprill 1916
glorious
15%
31 january 1944
uss franklin
10%
september 1918
argus
10%
26 febuary 1924
eagle
10%
7 july 1923
hermes
10%
16 august 1943
uss intrepid
5%
redesignate
uss langley
5%
17 febuary 1943
uss lexington 2
5%
24 may 1943
uss bunker hill
5%
31 december 1942
uss essex
5%
24 november 1943
uss wasp 2
5%
15 aprill 1944
uss hancock
5%
6 august 1944
uss bennington
5%
25 febuary 1943
uss princeton
5%
28 may 1943
uss cowpens
5%
17 june 1943
uss monterey
5%
29 september 1937
soryu
5%
5 july 1939
hiryu
5%
8 august 1941
shokaku
5%
25 september 1941
zuikaku
5%
incomplete
aso
5%
incomplete
ikoma
5%
8 december 1938 incomplete
graf zeppelin
5%
25 may 1940
illustrious
5%
3 may 1944
indefatigable
5%
14 january 1943
uss independance
0%
31 march 1943
uss bealleuwood
0%
31 august 1943
uss langley 2
0%
when was it launced
carriers name
% Correct
24 july 1943
uss cabot
0%
17 november 1943
uss bataan
0%
9 october 1944
uss randolph
0%
8 may 1944
uss ticonderoga
0%
15 december 1943
uss san jacinto
0%
26 november 1944
uss bonhomme richard
0%
15 september 1944
uss shangri-la
0%
9 may 1933
ryjuo
0%
27 december 1940
zuiho
0%
15 september 1941
taiyo
0%
26 january 1942
shoho
0%
5 may 1942
junyo
0%
31 may 1942
unyo
0%
31 july 1942
hiyo
0%
25 november 1942
chuyo
0%
28 november 1942
ryuho
0%
1 october 1943
hyuga
0%
8 october 1943
ise
0%
31 october 1943
chiyoda
0%
23 november 1943
kaiyo
0%
15 december 1943
shinyo
0%
1 january 1944
chitose
0%
7 march 1944
taiho
0%
6 august 1944
unruyu
0%
10 august 1944
amagi
0%
19 november 1944
shinano
0%
incomplete
ibuki
0%
incomplete
kasagi
0%
15 october 1944
katsuragi
0%
may 1927
Béarn
0%
6 august 1944
uss bennington
0%
16 december 1944
colossus
0%
24 november 1940
formidable
0%
2 aprill 1945
glory
0%
28 august 1944
implacable
0%
10 october 1941
indomitable
0%
8 august 1945
ocean
0%
17 january 1945
venerable
0%
15 january 1945
vengeance
0%
29 may 1041
victorious
0%
Quiz Playlist
Details
Report
Send in Message
Add To Playlist
Classic:
Type in answers that appear in a list
Forced Order:
Answers have to be entered in order
Last Updated: Apr 10, 2017
Quiz Scoreboard
CHALLENGE
Sign Up to Join the Scoreboard
Show All
Scores
Hide
Comments
May contain spoilers
Recently Published
Billboard Blitz: Fleetwood Mac
by CooCooCachoo
Music
15s
Presidents Visiting Landmarks
by Hejman
History
7m
An Introduction to Baseball
by treessimontrees
Sports
5m
More to Explore
Quiz From the Vault
Featured Blog Post
Where Did the Easter Bunny Come From?
hide this ad
You Might Also Like...
Tags
War Quiz
Aircraft
Carrier
Launched
sunk
World War II
Today's Top Quizzes in History
Browse History
hide this ad
Today's Top Quizzes in War
Browse War
Top Contributed Quizzes in History
1
Popular People in 1991
2
Popular People in 1981
3
Popular People in 1951
4
Popular People in 1941
5
Popular People in 1986
6
Popular People in 1976
7
Popular People in 1921
8
I Am Born On March 28th
9
5-to-1: 20th Century Images of War
10
Popular People in 1946
Explore More
Trending Topics
Anime
Crossword
Disney
Marvel
Harry Potter
Kpop
NBA
Country
WWE
The Office
NFL
Pokémon
Song
Soccer
Puzzle
hide this ad
More By:
morsam28
Quiz
Plays
Rating
Category
Featured
Created
ww2 battleships
364
1.00
History
Jun 22, 2012
p and o cruise ships
141
Just For Fun
Sep 5, 2012
ww2 aircraft carriers
20
1.57
History
Nov 26, 2011
Go to Creator's Profile
Score Distribution
Quiz Creator Spotlight
morsam28
Follow
Send a Message
Quizzes Created
-
Created Quiz Play Count
-
More By This Creator
Popular Quizzes Today
1
Find the US States - No Outlines Minefield
2
Find the Countries of Europe - No Outlines Minefield
3
The Countries of the World
4
Find the US States
5
US States
6
Risky Map Clicking: Biggest States A-Z
7
Popular People in 1961
8
Movies - When Are They Set?
More History Quizzes
People By Continent 7-to-1
Curator's Pick
Trending Quizzes
Risky Map Clicking: Least Populous States A-Z
1-10 Letter G Words
1-10 Letter F Words
Risky Map Clicking: Next State Alphabetically
Risky Map Clicking: Biggest States A-Z
Recently Updated
Leaping Animals
pecheneg
Reality TV Shows (A-Z)
bhenderson79
Rickey Henderson's Hall of Fame Teammates
pecheneg
Champions League XIs: Arsenal
pecheneg
Quick Pick: Celebrities in WWE's Hall of Fame
aduchscher
A-Z Keypad Blitz II
pecheneg
Multiple Oscar Actors
pecheneg
Mystery Phrase Blitz: Oscar 'Best Actors'
pecheneg
F. Scott Fitzgerald Novels
LTH
Pick 3 Villains
ddd62291
Trending Topics
Kpop
Marvel
NBA
Crossword
Anime
Harry Potter
Disney
Puzzle
Song
The Office
Soccer
Pokémon
WWE
NFL
Country
Your Account Isn't Verified!
In order to create a playlist on Sporcle, you need to verify the email address you used during registration. Go to your
Sporcle Settings
to finish the process.
Report this User
Report this user for behavior that violates our
Community Guidelines
.
Details:
Send Report
Go to the Sporcle.com Mobile Site →
Comments